000 00352nam a22001697a 4500
003 UA-OsUOA
001 4304
007 ta
008 20050721b un ||||| |||| 00| 0 ukr d
100 _aSkinner
700 _aB. F.
942 _cBK
040 _aUA-OsUOA
_cUA-OsUOA
_dUA-OsUOA
245 _aScience and Human Behavior.
955 _a2
650 7 _2UDC
999 _c290466
_d290466